It looks like you're offline.
Open Library logo
additional options menu

MARC Record from Library of Congress

Record ID marc_loc_2016/BooksAll.2016.part33.utf8:109677693:1190
Source Library of Congress
Download Link /show-records/marc_loc_2016/BooksAll.2016.part33.utf8:109677693:1190?format=raw

LEADER: 01190cam a2200337 a 4500
001 2006015098
003 DLC
005 20131207075236.0
008 060505r20062005flua 000 1 eng
010 $a 2006015098
020 $a0156032112
020 $a9780156032117
035 $a(OCoLC)ocm68416872
035 $a(OCoLC)68416872
040 $aDLC$cDLC$dIG#$dBAKER$dBTCTA$dYDXCP$dDLC
050 00 $aPS3616.L37$bP46 2006
082 00 $a813/.54$222
100 1 $aPlascencia, Salvador,$d1976-
245 14 $aThe people of paper /$cSalvador Plascencia.
250 $a1st Harvest ed.
260 $aOrlando, Fla. :$bHarcourt,$c2006.
300 $a245 p. :$bill. ;$c24 cm.
490 0 $aA Harvest book
500 $a"A Harvest book."
650 0 $aLovesickness$vFiction.
650 0 $aLoss (Psychology)$vFiction.
655 0 $aPsychological fiction.
655 0 $aExperimental fiction.
856 42 $3Contributor biographical information$uhttp://www.loc.gov/catdir/enhancements/fy0659/2006015098-b.html
856 42 $3Publisher description$uhttp://www.loc.gov/catdir/enhancements/fy0659/2006015098-d.html
856 41 $3Sample text$uhttp://www.loc.gov/catdir/enhancements/fy0701/2006015098-s.html